000 04064cam a22005417i 4500
001 20811012
003 JO-AjAnu
005 20241019093923.0
008 190116t20172017gw a 000 0 eng d
010 _a 2018304227
015 _aGBB7E5529
_2bnb
016 7 _a018469360
_2Uk
020 _a3836567555
020 _a9783836567558
020 _a9783836567565
020 _a3836567563
035 _a(OCoLC)ocn992575082
040 _aYDX
_beng
_cYDX
_erda
_dLIV
_dNZWPM
_dXC$
_dCLE
_dOCLCF
_dNMW
_dUKMGB
_dDLC
_dJO-AjAnu
041 _aeng
_afre
_ager
042 _alccopycat
050 0 0 _aNK1990
_b.P45 2021
082 0 4 _a747
_223
100 1 _aPhillips, Ian,
_d1969-
_eauthor.
245 1 0 _aInteriors now! /
_ced. Aurelia Taschen. ; texts, Ian Phillips.
264 1 _a[Köln?] :
_bTaschen, Bibliotheca Universalis,
_c[2021]
264 4 _c©2021
300 _a500 pages :
_bcolour illustrations ;
_c21 cm
336 _atext
_btxt
_2rdacontent
336 _astill image
_bsti
_2rdacontent
337 _aunmediated
_bn
_2rdamedia
338 _avolume
_bnc
_2rdacarrier
490 0 _aBibliotheca universalis
500 _aPrevious edition published 2011.
505 0 _aAtotoniloc - John Houshmand, -- Auckland - Yuri Kinugawa & Owen Hughes -- Auroville - Jocelyne Blancard, -- Avignon - Laurence Rigaill & Cyril Jean -- Barcelona - A Barcelona family -- Barcelona - Benedetta Tagliabue -- Beijing - Kelly Li Hong Yu -- Berlin - Dirk Fabarius -- Berlin - Sylvester Koziolek -- Berlin - Luzia Braun -- Buenos Aires - Mercedes Hernáez & Alejandro Sticotti Capri - Susanne & Matteo Thun -- Cohiniac - Paola & Gianni Basso -- East Hampton - A European family -- Espoo - Olavi Koponen -- Frankfurt - Bernd Hollin -- Ghent - Bep De Reu & Dieter Van Everbroeck -- Guarujá - Arthur Casas -- Ibiza - A publisher and organiser of art fairs -- Ibiza - Victor Esposito -- Istanbul - Serdar Gülgünrkey -- Joshua Tree - Andrea Zittel -- Jouars-Pontchartrain - Olivier Auclert -- London - Roland Emmerich -- London - Marc Newson & Charlotte Stockdale -- Los Angeles - Eugenio López Alonso -- Madrid - A German-Spanish couple -- Madrid - Oliva García-Velarde -- Malmö - Monica Larsen Dennis -- Marrakech - Emma Rochlitzer & Roberto Caciolli -- Melbourne - David Bromley-- Meudon - Alexis Lahellec -- Miami - Doug Meyer -- Milan - Britt Moran & Emiliano Salci -- New York - Izhar Patkin -- New York - Tomoko & Kimio Akiyoshi -- Orne - An art collector -- Paraty - A young Brazilian couple -- Punta Del Este - Javier & Gerardo Gentile -- Rome - Roberta Paolucci & Paolo Giacomelli -- Rotterdam - Ghislaine van de Kamp & Sjoerd Didden -- São Paulo - A Brazilian art dealer -- Shanghai - Richard Hsu -- Trancoso - Wilbert Das -- Zuoz - Monica De Cardenas.
520 _a"Flea-market romance or space-age bachelor pad, minimalist or neo-baroque; whatever your style, you{u2019}ll find your fit of fresh, provocative interior design inspiration in this compilation of the world{u2019}s most exquisite and original contemporary homes. Filled with stunning images from acclaimed interior photographers, the houses and apartments featured are dotted all over the globe - from Miami to Istanbul, Malmö to Beijing. Eclectic or minimal, antique or extra-modern, these decors locate contemporary style in all its manifestations, showcasing the endless possibilities and home-making magic of interior design."--Dust jacket front flap.
546 _aParallel text in English, German and French.
648 7 _a2000-2099
_2fast
650 0 _aInterior decoration
_vPictorial works.
650 0 _aArchitecture, Domestic
_y21st century.
650 7 _aArchitecture, Domestic.
_2fast
_0(OCoLC)fst00813666
650 7 _aInterior decoration.
_2fast
_0(OCoLC)fst00976327
655 7 _aIllustrated works.
_2fast
_0(OCoLC)fst01423873
655 7 _aPictorial works.
_2fast
_0(OCoLC)fst01423874
655 7 _aIllustrated works.
_2lcgft
906 _a7
_bcbc
_ccopycat
_d2
_encip
_f20
_gy-gencatlg
942 _2lcc
_cBK
_n0
999 _c33711
_d33711